000 00766nam a2200217Ia 4500
003 GCL
008 140319s9999 xx 000 0 ara d
040 _aGCL /
_cGCL
082 0 4 _a956.905
_bو ح
100 1 _aوزارة الدفاع الاسرائيلى
245 1 0 _aحرب الايام الستة /
_cوزارة الدفاع الاسرائيلى
300 _a205 ص
490 _aكتب مترجمة
_v0
650 0 4 _aالنزاع العربى الاسرائيلى
650 0 4 _aالحروب العربية الاسرائيلية
650 0 4 _aحرب يونيو 1967 - مصر
650 0 4 _aاسرائيل - تاريخ - حرب يونيو 1967
650 0 4 _aحرب حزيران
650 0 4 _aاسرائيل - حرب يونيو 1967
942 _2ddc
_cBK
999 _c50565
_d50565